| 000 | 01302cam a22002651a 4500 | ||
|---|---|---|---|
| 999 |
_c6887 _d6887 |
||
| 001 | 449788 | ||
| 003 | OCoLC | ||
| 005 | 20190121150604.0 | ||
| 008 | 710318s1968 miu b 001 0beng | ||
| 010 | _a68030985 | ||
| 020 | _a0802833330 | ||
| 020 | _a9780802833334 | ||
| 040 |
_aDLC _beng _cDLC _dOCL _dOCLCG _dWY@ _dXBE _dYDXCP _dGZU _dOCLCQ _dOG# _dBDX |
||
| 050 | 0 |
_aBT301.2 _b.H3 |
|
| 082 |
_a232.9 _bH318S |
||
| 100 | 1 |
_aHarrison, Everett Falconer, _d1902- |
|
| 245 | 1 | 2 |
_aA short life of Christ / _cby Everett F. Harrison. |
| 260 |
_aGrand Rapids : _bW.B. Eerdmans, _c[1968] |
||
| 300 |
_a288 p. ; _c23 cm. |
||
| 504 | _aIncludes bibliographical references and indexes. | ||
| 505 | 0 | _aThe historicity of Jesus -- The birth -- The infancy and boyhood -- The baptism -- The temptation -- Jesus as teacher -- The miracles -- Conflict with the pharisees -- The call and training of the twelve -- The transfiguration -- The triumphal entry and the cleansing of the temple -- The upper room -- Gethsemane -- The arrest and trial -- The crucifixion -- The resurrection -- The ascension -- "What sort of man is this?" | |
| 600 | 0 | 0 | _aJesus Christ. |
| 776 | 0 | 8 |
_iOnline version: _aHarrison, Everett Falconer, 1902- _tShort life of Christ. _dGrand Rapids, W.B. Eerdmans [1968] _w(OCoLC)647546752 |
| 942 |
_2ddc _cBK |
||